| 000 | 01379nam0a22003491 4500 | ||
|---|---|---|---|
| 001 | RU\INGAK2\INFOCOMM_322\NLR\5000185862 | ||
| 005 | 20250625203049.0 | ||
| 035 | _a(NLR Aleph) 011046457 | ||
| 090 |
_a11177079 _c11177079 |
||
| 100 | _a20130219d1973 |||y0rusy50 ca | ||
| 101 | 0 | _aspa | |
| 102 | _aRU | ||
| 105 | _ay z|||| | ||
| 200 | 1 |
_aTerminar con los crímenes del colonialismo y el racismo _fV. Mázov |
|
| 210 |
_aM. _cEd. de la Agencia de prensa "Nóvosti" _d1973 |
||
| 215 |
_a72 с. _d16 см |
||
| 300 | _aНа обл. авт. не указан | ||
| 300 | _aВ вып. дан.: В. Мазов. Положить конец преступлениям колониализма и расизма | ||
| 517 | 1 |
_aПоложить конец преступлениям колониализма и расизма _zrus |
|
| 606 | 0 |
_aРасовая дискриминация _z20 в. _2nlr_sh1 |
|
| 606 | 0 |
_aКолониальная политика _z20 в. _2nlr_sh1 |
|
| 606 |
_aНационально-освободительное движение _z20 в. _2nlr_sh1 |
||
| 620 | _aМосква | ||
| 686 |
_aИ2-536 _2rubbk |
||
| 686 |
_aИ2-660 _2rubbk |
||
| 700 | 1 |
_9z01790 _aMazov _bV. A. _gVasilij A. |
|
| 790 | 1 |
_9z01700 _aMázov _bV. _4070 |
|
| 801 | 1 |
_aRU _bInfoComm _c20130219 |
|
| 801 | 0 |
_aRU _bNLR _gPSBO |
|
| 852 |
_aNLR _jИ25 Д-2/70 |
||
| 942 | _cBOOK | ||
| 980 | _aNB | ||